| 000 | 00743cam a2200193 4500 | ||
|---|---|---|---|
| 008 | 090401t1988 xxu||||| |||| 00| 0 eng d | ||
| 020 | _a0580165949 | ||
| 035 | _a(Sirsi) u9149 | ||
| 041 | _aeng | ||
| 110 |
_aBritish Standards Institution _9130 |
||
| 245 | _aBritish standard glossary of terms for procedures for setting out measurement and surveying in building construction (including guidance notes). [ISO title: building construction - procedures for setting out, measurement and surveying - vocabulary and guidance notes]. | ||
| 260 |
_aLondon _bBritish Standards Institution _c1988 |
||
| 300 | _a24p. : ill. ; 30cm. | ||
| 350 | _a0 | ||
| 490 |
_aBS _v6953: 1988 |
||
| 490 |
_aISO _v7078: 1985 |
||
| 942 | _n0 | ||
| 948 | _c04/03/1997 | ||
| 999 |
_c86608 _d86608 |
||